000 00688cam a2200229 a 4500
001 000002827
005 20260521134322.0
008 760322s1968 ve b 001 0 spa
040 _aDO-SdBNP
_cNbU
_dDLC
082 _a921.4
_bR615e
100 1 _aRiu, Federico,
_d1925-
_98953
245 1 0 _aEnsayos sobre Sartre.
260 _aCaracas :
_bMonte Avila ,
_c1968.
300 _a166 p. ;
_c20 cm.
490 1 _aPrisma
504 _aIncluye índice
504 _aIncluye referencias bibliográficas y notas al pie de las páginas
600 1 4 _aSARTRE, JEAN-PAUL,
_d1905-1980.
_xENSAYOS
_98954
650 0 _aEnsayos
_98059
830 0 _aPrisma
_93770
910 _aCatalogación por copia / LC
999 _c2661
_d2661